[Event "1st Central Asia Cup"]
[Site "Tashkent UZB"]
[Date "2011.10.19"]
[Round "2.11"]
[White "Nugumanov,B"]
[Black "Aitbayev,A"]
[Result "0-1"]
[WhiteElo "2216"]
[BlackElo "2391"]

1.Nf3 d5 2.c4 c6 3.g3 Nf6 4.Bg2 Bg4 5.cxd5 Bxf3 6.Bxf3 cxd5 7.Qb3 Qd7 8.Nc3 e6
9.d4 Nc6 10.e3 Bd6 11.Bd2 O-O 12.O-O Rac8 13.Ne2 Rfe8 14.Rac1 a6 15.Bg2 Bf8
16.Rfd1 Ne4 17.Be1 f5 18.Nf4 g5 19.Nd3 g4 20.a4 Bd6 21.Qa2 Qe7 22.Nc5 Bxc5
23.dxc5 Ne5 24.b4 Nf3+ 25.Kh1 a5 26.Qe2 axb4 27.Bxb4 b6 28.Bxf3 gxf3 29.Qxf3 bxc5
30.Be1 c4 31.a5 Qf6 32.Qe2 Rb8 33.f3 Nc5 34.Bc3 Qg6 35.Rc2 Nd3 36.a6 e5 37.a7 Ra8
38.Ra2 Qb6 39.Rxd3 cxd3 40.Qxd3 Rxa7 41.Rxa7 Qxa7 42.Qxd5+ Qf7 43.Qc5 Qe6
44.Kg2 Kf7 45.e4 fxe4 46.fxe4 Kg6 47.h4 Qg4 48.Qc6+ Re6 49.Qc4 Re8 50.Qc6+ Qe6
51.Qc5  0-1

[Event "29th Muensterland Open"]
[Site "Senden GER"]
[Date "2011.10.21"]
[Round "1.10"]
[White "Simon,Th"]
[Black "Korth,D"]
[Result "0-1"]
[WhiteElo "1985"]
[BlackElo "2211"]

1.Nf3 d5 2.c4 c6 3.g3 Nf6 4.Bg2 Bf5 5.cxd5 cxd5 6.Qb3 Bc8 7.d4 e6 8.Bf4 Bd6
9.Bxd6 Qxd6 10.O-O Nc6 11.Nc3 O-O 12.Rac1 Bd7 13.e3 Rfc8 14.a3 Na5 15.Qa2 h6
16.Ne5 Nc4 17.Nxc4 Rxc4 18.Rfd1 Rac8 19.Bf1 R4c7 20.Qb1 Qb6 21.Bd3 Ne8 22.Qc2 Nd6
23.Qe2 Nc4 24.Rb1 Qa5 25.Bxc4 Rxc4 26.e4 dxe4 27.Nxe4 Rc2 28.Qe3 Bc6 29.Nc3 Qf5
30.d5 Bxd5 31.Nxd5 exd5 32.Qxa7 R8c5 33.Qb8+ Kh7 34.Qf4 Qxf4 35.gxf4 R5c4
36.Rxd5 Rxf4 37.Rf1 Rxb2 38.Rd3 g5 39.Kg2 Kg6 40.Rf3 Rxf3 41.Kxf3 Rb3+ 42.Kg2 g4
43.Ra1 h5 44.a4 h4 45.a5 h3+ 46.Kf1 Kg5 47.Ke2 Rb2+ 48.Kf1 f5 49.Kg1 f4 50.Kf1 g3
51.hxg3 fxg3 52.f4+ Kxf4 53.Ra4+ Kg5 54.Kg1 Rb1+  0-1

[Event "TCh-AUT 2 Mitte 2011-12"]
[Site "St Valentin AUT"]
[Date "2011.10.21"]
[Round "1"]
[White "Pilaj,H"]
[Black "Gergacz,A"]
[Result "0-1"]
[WhiteElo "2362"]
[BlackElo "2426"]

1.Nf3 d5 2.c4 c6 3.e3 Nf6 4.Nc3 e6 5.b3 Bd6 6.Bb2 Nbd7 7.Qc2 Qe7 8.Be2 e5
9.cxd5 Nxd5 10.Ne4 Bc7 11.O-O f5 12.Ng3 g6 13.a3 N7f6 14.Rfe1 e4 15.Nd4 Bd7
16.d3 O-O 17.b4 h5 18.dxe4 fxe4 19.Bc4 Rae8 20.f4 Kh7 21.Rad1 Bg4 22.Rd2 Bb6
23.Nf1 Rd8 24.h3 Bf5 25.g4 hxg4 26.hxg4 Bxg4 27.Ng3 Rfe8 28.Rh2+ Nh5 29.Ndf5 gxf5
30.Nxh5 Nxe3 31.Nf6+ Kg6 32.Rxe3 Bxe3+ 33.Kh1 Rd1+ 34.Qxd1 Bxd1 35.Rg2+ Bg4
36.Nxg4 fxg4 37.Rxg4+ Kf5  0-1

[Event "33rd Arco Open"]
[Site "Arco ITA"]
[Date "2011.10.22"]
[Round "1"]
[White "Trauth,M"]
[Black "Mombelli,A"]
[Result "1-0"]
[WhiteElo "2185"]
[BlackElo "1836"]

1.Nf3 d5 2.c4 e6 3.g3 Nf6 4.Bg2 c6 5.b3 Nbd7 6.O-O Bd6 7.Bb2 O-O 8.Qc2 Re8
9.Nc3 e5 10.cxd5 Nxd5 11.Rac1 N7f6 12.d4 exd4 13.Nxd4 Nxc3 14.Bxc3 Bd7 15.Rfd1 Ba3
16.Rb1 Qe7 17.b4 a5 18.bxa5 Bc5 19.Rxb7 Bxd4 20.Bxd4 Rxa5 21.Bxf6 gxf6 22.Rbxd7 Qxe2
23.R7d2 Qa6 24.Qxc6  1-0

[Event "33rd Arco Open"]
[Site "Arco ITA"]
[Date "2011.10.22"]
[Round "1"]
[White "Nicolodi,R"]
[Black "Alagia,Pietro"]
[Result "1-0"]
[WhiteElo "1983"]
[BlackElo "1763"]

1.Nf3 d5 2.c4 Nf6 3.cxd5 Qxd5 4.Nc3 Qd8 5.g3 g6 6.Bg2 Bg7 7.O-O O-O 8.d4 Nc6
9.e4 Bg4 10.Be3 Kh8 11.h3 Bxf3 12.Bxf3 e5 13.d5 Ne7 14.Qb3 Qc8 15.Bg2 Nh5
16.Rac1 f5 17.Nb5 c6 18.Nd6 Qd7 19.Qxb7 Qxd6 20.Bc5 Qb8 21.Qxb8 Rfxb8 22.Bxe7 cxd5
23.exd5 Rxb2 24.d6 e4 25.d7 Rbb8 26.Rfd1 Bf6 27.d8=Q+ Rxd8 28.Rxd8+ Rxd8
29.Bxd8 Bd4 30.Kf1 e3 31.Rc4 Be5 32.g4 Nf4 33.Bf6+ Bxf6 34.Rxf4  1-0

[Event "Chigorin Memorial Open"]
[Site "St Petersburg RUS"]
[Date "2011.10.22"]
[Round "9.45"]
[White "Mikheev,S"]
[Black "Emdin,M"]
[Result "1-0"]
[WhiteElo "2271"]
[BlackElo "2088"]

1.Nf3 d5 2.c4 c6 3.e3 Nf6 4.Nc3 e6 5.b3 Be7 6.Bb2 Nbd7 7.d4 Qa5 8.a3 O-O
9.Bd3 dxc4 10.bxc4 e5 11.O-O Re8 12.Qc2 exd4 13.exd4 Nf8 14.Rfe1 Bg4 15.Ne5 Bh5
16.Ne4 Bg6 17.Ng5 Bh5 18.Re3 h6 19.Nh3 Ng4 20.Re4 f5 21.Ree1 Nxe5 22.Rxe5 Qb6
23.c5 Qc7 24.Bc4+ Kh8 25.Nf4 Bg6 26.Rae1 Bh7 27.Qe2 Nd7 28.Rxe7 Rxe7 29.Qxe7 Qxf4
30.Qxd7  1-0

[Event "33rd Arco Open"]
[Site "Arco ITA"]
[Date "2011.10.23"]
[Round "2"]
[White "Mercandelli,C"]
[Black "Benenati,Gianfranco"]
[Result "1/2-1/2"]
[WhiteElo "1907"]
[BlackElo "1800"]

1.Nf3 d5 2.c4 e6 3.g3 Nf6 4.Bg2 Be7 5.O-O O-O 6.b3 c6 7.Bb2 Nbd7 8.d3 Qc7
9.Nc3 Bb4 10.Qc2 b6 11.Rac1 Bxc3 12.Qxc3 c5 13.cxd5 exd5 14.Nh4 Bb7 15.Nf5 Rfe8
16.Bh3 Rxe2 17.Nd4 Ree8 18.Nb5 Qc6 19.Nd4 Qc7 20.Nb5 Qc6 21.Nd4 Qc7  1/2-1/2

[Event "TCh-SUI 2011"]
[Site "Lausanne SUI"]
[Date "2011.10.23"]
[Round "9.1"]
[White "Prusikin,M"]
[Black "Bindrich,F"]
[Result "1/2-1/2"]
[WhiteElo "2530"]
[BlackElo "2517"]

1.Nf3 d5 2.c4 d4 3.g3 Nc6 4.Bg2 e5 5.O-O Nf6 6.d3 a5 7.e3 dxe3 8.Bxe3 Be7
9.d4 exd4 10.Nxd4 Nxd4 11.Qxd4 O-O 12.Nc3  1/2-1/2

[Event "TCh-AUT 2 Mitte 2011-12"]
[Site "St Valentin AUT"]
[Date "2011.10.23"]
[Round "3"]
[White "Pilaj,H"]
[Black "Kovacs,Ga2"]
[Result "0-1"]
[WhiteElo "2362"]
[BlackElo "2498"]

1.Nf3 d5 2.c4 e6 3.b3 Nf6 4.g3 Be7 5.Bg2 O-O 6.O-O b6 7.Bb2 Bb7 8.e3 dxc4
9.bxc4 c5 10.Qe2 Nc6 11.Nc3 Rc8 12.Rac1 Qc7 13.d4 Na5 14.d5 exd5 15.cxd5 Nxd5
16.Nb5 Qd7 17.Ne5 Qe6 18.f4 Bf6 19.Nxa7 Rcd8 20.Nb5 Bxe5 21.fxe5 Ba6 22.a4 Nc6
23.Qh5 Bxb5 24.axb5 Nce7 25.Bh3 Qg6 26.Qxg6 hxg6 27.e6 f6 28.Ra1 Nxe3 29.Rf3 Nc4
30.Ra7 Rfe8 31.Bc3 Nf5 32.Rxf5 gxf5 33.Bxf5 Nd6 34.e7 Nxf5 35.exd8=Q Rxd8
36.Rb7 Ne3 37.Be1 Nc4 38.g4 Rd1 39.Kf2 Rb1 40.g5 Rb2+ 41.Kg3 fxg5 42.Kg4 Rxh2
43.Bc3 Kh7 44.Kxg5 Rg2+ 45.Kf4 Rg6 46.Rb8 Na3  0-1

[Event "33rd Arco Open"]
[Site "Arco ITA"]
[Date "2011.10.24"]
[Round "3"]
[White "Trauth,M"]
[Black "Negro,R"]
[Result "1-0"]
[WhiteElo "2185"]
[BlackElo "1915"]

1.Nf3 d5 2.c4 d4 3.g3 Nf6 4.Bg2 Nc6 5.b4 a6 6.b5 axb5 7.cxb5 Nb8 8.O-O e6
9.Qc2 c5 10.bxc6 Nxc6 11.e3 Be7 12.exd4 Nxd4 13.Nxd4 Qxd4 14.Bb2 Qb6 15.Na3 O-O
16.Nc4 Qb5 17.a4 Qh5 18.Nb6 Rb8 19.Qc7 Bd8 20.Qxb8 Bxb6 21.Bxf6 gxf6 22.Rac1 Qe5
23.Qxe5 fxe5 24.Rb1 Bd4 25.Bxb7  1-0

[Event "33rd Arco Open"]
[Site "Arco ITA"]
[Date "2011.10.25"]
[Round "4"]
[White "Perich,S"]
[Black "Webel,Jannik"]
[Result "1/2-1/2"]
[WhiteElo "1931"]
[BlackElo "1776"]

1.Nf3 d5 2.c4 c6 3.b3 Bf5 4.d3 e6 5.a3 Nf6 6.g3 Bd6 7.Bb2 Nbd7 8.Bg2 h6 9.O-O O-O
10.Nbd2 a5 11.Qe1 Qe7 12.e4 Bh7 13.Qe2 Bc7 14.e5 Ne8 15.Ne1 b5 16.cxb5 cxb5
17.d4 Rb8 18.a4 b4 19.f4 Bb6 20.Bh3 Rc8  1/2-1/2

[Event "33rd Arco Open"]
[Site "Arco ITA"]
[Date "2011.10.25"]
[Round "4"]
[White "Menon,Michele"]
[Black "Ledent,Philippe"]
[Result "1-0"]
[WhiteElo "1776"]
[BlackElo "1887"]

1.Nf3 d5 2.c4 c6 3.g3 Nf6 4.Bg2 dxc4 5.Qc2 b5 6.a4 Bb7 7.axb5 cxb5 8.O-O e6
9.d3 cxd3 10.exd3 Be7 11.Be3 a6 12.Nbd2 O-O 13.Nb3 Nbd7 14.Na5 Rc8 15.Nxb7 Rxc2
16.Nxd8 Rxd8 17.Rfb1 Nc5 18.Nd4 Rxd4 19.Bxd4 Nxd3 20.Rxa6 Rc8 21.Bf1 Nb4
22.Rb6 Rd8 23.Be3 Nbd5 24.Rxb5 Nxe3 25.fxe3 Ng4 26.e4 Bf6 27.Re1 Bd4+ 28.Kh1 e5
29.Bc4 Kf8 30.Rb7 f6 31.Rf7+ Ke8 32.Rxg7 Ne3 33.Rg8+ Ke7 34.Rg7+ Kd6 35.b3 Ra8
36.Rf7 Ng4 37.Rxh7 Ra2 38.Re2 Ra1+ 39.Kg2 Rg1+ 40.Kh3 Nf2+ 41.Rxf2 Bxf2 42.Rf7 Bd4
43.Rxf6+ Ke7 44.Rf3 Re1 45.Bd5 Re2 46.g4 Bg1 47.Kh4 Rxh2+ 48.Kg5 Rf2 49.Rxf2 Bxf2
50.Kg6 Be3 51.g5 Kf8 52.Kf5 Kg7 53.g6 Bc5 54.Bf7 Bd6 55.Ke6 Bb8 56.b4 Bc7
57.b5 Ba5 58.Kxe5 Bc3+ 59.Kd6 Kf6 60.b6 Be5+ 61.Kc6 Bb8 62.Kb7 Bd6 63.Kc8  1-0

[Event "World Youth U16 Ol"]
[Site "Kocaeli TUR"]
[Date "2011.10.25"]
[Round "2.2"]
[White "Ertekin,Oguzhan"]
[Black "Saleh,Nai"]
[Result "1/2-1/2"]
[WhiteElo "1599"]
[BlackElo "1858"]

1.Nf3 d5 2.c4 c6 3.d4 e6 4.Nc3 Nf6 5.Bg5 Nbd7 6.a3 Be7 7.e3 O-O 8.Be2 dxc4
9.Bxc4 b5 10.Bd3 a6 11.Qc2 h6 12.Bxf6 Nxf6 13.Ne4 Nxe4 14.Bxe4 Bb7 15.Rc1 f5
16.Bd3 Rc8 17.Qe2 c5 18.dxc5 Rxc5 19.O-O Qd5 20.Rxc5 Bxc5 21.Rd1 Qc6 22.Rc1 Qd5
23.Rd1 Qc6 24.Rc1  1/2-1/2

[Event "World Youth U16 Ol"]
[Site "Kocaeli TUR"]
[Date "2011.10.25"]
[Round "3.4"]
[White "Govindasamy,Nashlen"]
[Black "Valizadeh,A"]
[Result "1-0"]
[WhiteElo "1877"]
[BlackElo "2187"]

1.Nf3 d5 2.c4 e6 3.g3 Nf6 4.Bg2 Be7 5.O-O O-O 6.b3 b6 7.e3 Bb7 8.Bb2 c5 9.Nc3 Nc6
10.d3 Qd7 11.Qe2 Qd8 12.Qd1 Qd7 13.Qe2 Rad8 14.Rfd1 a6 15.cxd5 exd5 16.d4 cxd4
17.Nxd4 Nxd4 18.Rxd4 Bc5 19.Rd3 b5 20.Rad1 b4 21.Nxd5 Nxd5 22.Bxd5 Bxd5 23.Qd2 Qe6
24.Rxd5 Rxd5 25.Qxd5 Qxd5 26.Rxd5 Rc8 27.Kf1 Bf8 28.Ke2 Rc2+ 29.Rd2 Rc6 30.h4 f6
31.Kd3 a5 32.Rc2 Ra6 33.Bd4 Bd6 34.Rc8+ Kf7 35.Kc4 Be5 36.Bxe5 fxe5 37.Kd5 a4
38.Rc7+ Kf8 39.Rb7 axb3 40.axb3  1-0

[Event "33rd Arco Open"]
[Site "Arco ITA"]
[Date "2011.10.26"]
[Round "5"]
[White "Ager,J"]
[Black "Ziltener,W"]
[Result "1-0"]
[WhiteElo "2190"]
[BlackElo "2081"]

1.Nf3 d5 2.c4 c6 3.g3 Nf6 4.Bg2 Bg4 5.O-O e6 6.Qb3 Qb6 7.Qc2 Nbd7 8.d3 h6
9.b3 Be7 10.Nc3 O-O 11.Be3 Qc7 12.Bf4 Bd6 13.Bd2 Rfe8 14.Rac1 Rac8 15.Qb2 Qb8
16.Rfe1 Rcd8 17.b4 dxc4 18.dxc4 Ne5 19.Nxe5 Bxe5 20.f4 Bd4+ 21.e3 Bb6 22.c5 Bc7
23.e4 Rd7 24.e5 Nd5 25.Ne4 Rf8 26.Nd6 Ne7 27.Be3 Bf5 28.a4 Nd5 29.Bf2 Bd8
30.b5 Be7 31.Qa3 Qa8 32.h3 Bh7 33.Red1 Rb8 34.Kh2 Rdd8 35.Bd4 Rf8 36.Rf1 Rbd8
37.g4 f5 38.Bxd5 exd5 39.Qg3 fxg4 40.Qxg4 Bxd6 41.exd6 Rf7 42.Rg1 Rdd7 43.Bxg7 Bf5
44.Qh5 Rxg7 45.Qxf5 Qd8 46.Rce1 Rf7 47.Rxg7+ Kxg7 48.Rg1+ Kf8 49.Qg6 Qf6
50.Qg8+  1-0

[Event "33rd Arco Open"]
[Site "Arco ITA"]
[Date "2011.10.26"]
[Round "5"]
[White "Trauth,M"]
[Black "Riepma,Henk"]
[Result "1/2-1/2"]
[WhiteElo "2185"]
[BlackElo "2073"]

1.Nf3 d5 2.c4 c6 3.g3 Nf6 4.Bg2 Bf5 5.cxd5 Nxd5 6.O-O e6 7.d3 Bg6 8.e4 Nb4
9.Ne1 Bc5 10.a3 N4a6 11.Nc3 e5 12.Be3 O-O 13.Qe2 Re8 14.Rd1 Nd7 15.d4 exd4
16.Bxd4 Qe7 17.Nc2 f5 18.Qc4+ Bf7 19.Qd3 fxe4 20.Bxe4 Nf8 21.Rfe1 Qc7 22.b4 Bxd4
23.Nxd4 Rad8 24.Qf3 Nb8 25.Nf5 Rxd1 26.Rxd1 Bg6 27.Qd3 b6 28.Nd6 Re7 29.Qc4+ Kh8
30.Bxg6 Nxg6 31.Nce4 Ne5 32.Qb3 h6 33.f4 Nf7 34.Nxf7+ Rxf7 35.Nd6 Re7 36.Qd3 Nd7
37.Nf5 Rf7 38.Nh4 Nf8 39.Qd8 Kh7 40.f5 Qe5 41.Qd4 Qxd4+ 42.Rxd4 Rd7 43.Re4 g6
44.fxg6+ Nxg6 45.Nxg6 Kxg6 46.Re6+ Kg5 47.Rxc6 Rd3 48.a4 Rd4 49.Rc7 Rxb4
50.Rxa7 Kg4 51.Rg7+ Kf3 52.Rf7+ Kg4 53.Rg7+ Kf3 54.Rf7+  1/2-1/2

[Event "Chinese League"]
[Site "Qingdao CHN"]
[Date "2011.10.27"]
[Round "14"]
[White "Zhou Weiqi"]
[Black "Wang Chen"]
[Result "1/2-1/2"]
[WhiteElo "2592"]
[BlackElo "2435"]

1.Nf3 d5 2.c4 e6 3.d4 Nf6 4.Nc3 Nbd7 5.Bg5 c6 6.e3 Qa5 7.cxd5 exd5 8.Nd2 Be7
9.Bd3 Nf8 10.Qc2 Ne6 11.Bh4 g6 12.O-O O-O 13.Rab1 Qd8 14.b4 a5 15.bxa5 Rxa5
16.Rfd1 Ra7 17.a4 Ng7 18.f3 Bf5 19.Bf2 Bxd3 20.Qxd3 Ne6 21.Rb2 Qd7 22.Qb1 Rfa8
23.e4 dxe4 24.d5 cxd5 25.Bxa7 Rxa7 26.Ndxe4 Qc6 27.Nxf6+ Bxf6 28.Nxd5 Bd4+
29.Rxd4 Qc5 30.Rb4 Nxd4 31.Nf6+ Kg7 32.Ne4 Qe5 33.h3 f5 34.f4 Qxf4 35.Qa1 Qxe4
36.Rxd4 Qe3+ 37.Kh1 Kh6 38.Rh4+ Kg5 39.Rxh7 Rxa4 40.Qxa4 Qe1+ 41.Kh2 Qe5+  1/2-1/2

[Event "ch-CRC 2011"]
[Site "San Jose CRC"]
[Date "2011.10.27"]
[Round "10"]
[White "Valdes,Le"]
[Black "Gonzalez,Be CRC"]
[Result "1/2-1/2"]
[WhiteElo "2387"]
[BlackElo "2433"]

1.Nf3 d5 2.c4 c6 3.g3 Nf6 4.Bg2 dxc4 5.O-O Nbd7 6.Na3 Nb6 7.Qc2 Qd5 8.Ne1 Qd4
9.e3 Qg4 10.e4 h5 11.h4 e5 12.Nxc4 Nxc4 13.Qxc4 Be6 14.Qc3 Nxe4 15.Qxe5 Nd6
16.d3 Nb5 17.Nc2 Bd6 18.Qe3 O-O 19.a4 Nc7 20.Qe1 Qg6 21.Qd2 Rad8 22.Qe3 Bf5
23.Ne1 a6 24.Qb6 Bc8 25.Bd2 Ne6 26.Rc1 f5 27.Rc4 f4 28.Be4 Qf7 29.gxf4 Bxf4
30.Bc3 c5 31.Ng2 Bg3 32.Kh1 Qe7 33.Kg1 Bxh4 34.Nxh4 Nf4  1/2-1/2

[Event "33rd Arco Open"]
[Site "Arco ITA"]
[Date "2011.10.28"]
[Round "7"]
[White "Battistella,S"]
[Black "Zucchelli,M"]
[Result "1/2-1/2"]
[WhiteElo "2081"]
[BlackElo "2149"]

1.Nf3 d5 2.c4 c6 3.g3 Nf6 4.Bg2 Bf5 5.O-O e6 6.d3 h6 7.Be3 Nbd7 8.Qb3 Qb8
9.cxd5 cxd5 10.Nc3 Bd6 11.Nb5 O-O 12.Nxd6 Qxd6 13.Rfc1 e5 14.d4 e4 15.Bf4 Qa6
16.Ne5 Qxe2 17.Bf1 Qa6 18.Bg2  1/2-1/2

[Event "6th Kavalier Open"]
[Site "Vienna AUT"]
[Date "2011.10.28"]
[Round "5"]
[White "Steinert,Mart"]
[Black "Paseka,C"]
[Result "1-0"]
[WhiteElo "2075"]
[BlackElo "1752"]

1.Nf3 d5 2.c4 c6 3.e3 Nf6 4.b3 Bg4 5.Bb2 e6 6.h3 Bh5 7.Be2 Nbd7 8.g4 Bg6
9.g5 Ne4 10.h4 Bh5 11.d3 Nd6 12.Nbd2 a5 13.Ng1 Bxe2 14.Nxe2 f6 15.Nf4 Qe7
16.Qh5+ Qf7 17.g6 Qe7 18.gxh7+ Qf7 19.Ng6 Nf5 20.cxd5 cxd5 21.Rc1 Ne7 22.Rg1 Nxg6
23.Rxg6 Ne5 24.Bxe5 fxe5 25.Rxe6+ Be7 26.Rxe7+  1-0

[Event "World Youth U16 Ol"]
[Site "Kocaeli TUR"]
[Date "2011.10.29"]
[Round "7.16"]
[White "Govindasamy,Nashlen"]
[Black "Haring,V"]
[Result "1/2-1/2"]
[WhiteElo "1877"]
[BlackElo "1964"]

1.Nf3 d5 2.c4 c6 3.b3 Nf6 4.Bb2 Bg4 5.e3 e6 6.Be2 Nbd7 7.d3 Bd6 8.h3 Bxf3
9.Bxf3 O-O 10.Nc3 Qa5 11.O-O Ba3 12.Bxa3 Qxa3 13.Rc1 Rac8 14.Rc2 Qd6 15.d4 Rfd8
16.cxd5 cxd5 17.Qd2 Qb4 18.Rfc1 Rc6 19.Ne4 Qxd2 20.Nxd2 Rdc8 21.Rxc6 Rxc6
22.Rxc6 bxc6 23.b4 Kf8 24.e4 Ne8 25.Kf1 Nd6 26.Ke2 Nb6 27.Kd3 Nbc4 28.Nxc4 Nxc4
29.exd5 cxd5 30.Be2 Ke7 31.Kc3 Nd6 32.Bd3 g6 33.f3 f6 34.a4 Kd7 35.b5 Nb7
36.Kb4 Kc7 37.a5 Nd6 38.Kc5 Nb7+ 39.Kb4 Nd6 40.Be2 Nb7 41.g4 Nd6 42.h4 f5
43.g5 Nb7 44.Bd1 Nd6 45.Bb3 Nb7 46.Ba4 Nd8 47.Bc2 Nb7 48.Bb3 Nd6 49.Ba2 Nb7
50.Bb1 Nd6 51.Bd3 Nb7 52.Be2  1/2-1/2

[Event "33rd Arco Open"]
[Site "Arco ITA"]
[Date "2011.10.30"]
[Round "9"]
[White "Menon,Michele"]
[Black "Mombelli,A"]
[Result "1/2-1/2"]
[WhiteElo "1776"]
[BlackElo "1836"]

1.Nf3 d5 2.c4 e6 3.g3 c6 4.Bg2 dxc4 5.a4 Nf6 6.O-O Nbd7 7.Qc2 Be7 8.Qxc4 O-O
9.d3 Nb6 10.Qb3 Nbd5 11.e4 Nb4 12.Rd1 a5 13.Be3 Qc7 14.Na3 Ng4 15.Bd2 Rd8
16.Bxb4 Bxb4 17.Nc4 b5 18.axb5 cxb5 19.Na3 Rb8 20.Rac1 Qb6 21.d4 Nf6 22.Ne5 Bb7
23.Qd3 Ba8 24.Nc2 Bd6 25.Qe3 Bxe5 26.dxe5 Rxd1+ 27.Rxd1 Qxe3 28.Nxe3 Nxe4
29.f4 Nc5 30.Bf1 h6  1/2-1/2

[Event "15th OIBM"]
[Site "Bad Wiessee GER"]
[Date "2011.11.01"]
[Round "4.35"]
[White "Ortmann,D"]
[Black "Klamp,C"]
[Result "1-0"]
[WhiteElo "2355"]
[BlackElo "2121"]

1.Nf3 d5 2.c4 c6 3.d4 e6 4.Qc2 f5 5.g3 Nf6 6.Bg2 Bd6 7.O-O O-O 8.b3 Qe7 9.Bb2 Nbd7
10.Ne5 Ne4 11.Nd3 Ndf6 12.f3 Nxg3 13.hxg3 Bxg3 14.e3 Nh5 15.f4 Qh4 16.Bf3 Rf6
17.Bxh5 Rh6 18.Qg2 Qxh5 19.Ne5 Qh4 20.Rf3 Be1 21.Na3 b5 22.Nc2 Bd2 23.Rg3  1-0

[Event "US Chess League 2011"]
[Site "ICC INT"]
[Date "2011.11.02"]
[Round "10"]
[White "Margvelashvili,G"]
[Black "Shankland,S"]
[Result "1/2-1/2"]
[WhiteElo "2531"]
[BlackElo "2553"]

1.Nf3 d5 2.c4 c6 3.g3 Bg4 4.Bg2 e6 5.O-O Nd7 6.b3 Ngf6 7.Bb2 Bd6 8.d3 O-O
9.Nbd2 Qe7 10.h3 Bh5 11.Rc1 a5 12.Qc2 Ba3 13.Rb1 Rfc8 14.Rfc1 h6 15.Bxa3 Qxa3
16.Qb2 Qxb2 17.Rxb2 Ne8 18.Rbc2 Nd6 19.cxd5 cxd5 20.Rxc8+ Rxc8 21.Rxc8+ Nxc8
22.g4 Bg6 23.Nd4 Nd6 24.f4 Kf8 25.Kf2 Ke7 26.Nb1  1/2-1/2

[Event "15th OIBM"]
[Site "Bad Wiessee GER"]
[Date "2011.11.04"]
[Round "7.16"]
[White "Ortmann,D"]
[Black "Khenkin,I"]
[Result "0-1"]
[WhiteElo "2355"]
[BlackElo "2624"]

1.Nf3 d5 2.c4 d4 3.c5 e5 4.Nxe5 Bxc5 5.b4 Be7 6.Qa4+ Nd7 7.Nf3 c6 8.Bb2 Nb6
9.Qc2 d3 10.Qxd3 Qxd3 11.exd3 Nf6 12.a3 a5 13.bxa5 Rxa5 14.Be2 Na4 15.Bd4 O-O
16.O-O Nd5 17.Re1 Be6 18.Bd1 Rd8 19.Bc2 Kf8 20.Nc3 Naxc3 21.dxc3 Rxa3 22.Rxa3 Bxa3
23.Ra1 Bb2 24.Rb1 Bxc3 25.Rxb7 Ra8 26.h4 Ra2 27.Bxc3 Nxc3 28.Nd4 c5 29.Nxe6+ fxe6
30.Bb3 Rb2 31.Bd5 Rb4 32.Bf3 Ne2+ 33.Kh2 Rxh4+  0-1

[Event "1st Panama Open"]
[Site "Panama City PAN"]
[Date "2011.11.05"]
[Round "6.11"]
[White "Linares Napoles,O"]
[Black "Gongora Reyes,M"]
[Result "1-0"]
[WhiteElo "2335"]
[BlackElo "2428"]

1.Nf3 d5 2.c4 c6 3.g3 Nf6 4.Bg2 dxc4 5.Qc2 b5 6.a4 Bb7 7.b3 cxb3 8.Qxb3 a6
9.Ne5 e6 10.Bb2 Bd6 11.O-O O-O 12.Rc1 Nd5 13.e4 Nb4 14.d4 a5 15.Na3 Qe8 16.h4 Kh8
17.Bf1 f6 18.Nf3 Ba6 19.Qe3 Be7 20.Be2 Bd8 21.Kg2 Bb6 22.h5 Qxh5 23.Rh1 Qf7
24.Rh2 Kg8 25.Rah1 h6 26.Ne1 Ra7 27.axb5 cxb5 28.Nxb5 Rd7 29.Bc4 Re8 30.Qf4 Kf8
31.Nf3 Bb7 32.Rh5 N8c6 33.Qg4 Nd8 34.Nh4 Qg8 35.Ng6+ Kf7 36.d5 Qh7 37.Rd1 Nxd5
38.Ne5+ fxe5 39.exd5 Qc2 40.Bxe5 Kg8 41.Nd6 Rf8 42.Ne4 Rff7 43.Rd2 Rxf2+
44.Kh3  1-0

[Event "TCh-AUT 2 Ost 2011-12"]
[Site "Vienna AUT"]
[Date "2011.11.05"]
[Round "3"]
[White "Hechl,G"]
[Black "Brustkern,J"]
[Result "1-0"]
[WhiteElo "2258"]
[BlackElo "2249"]

1.Nf3 d5 2.c4 d4 3.g3 Nc6 4.Bg2 e5 5.d3 f6 6.O-O Bg4 7.a3 a5 8.Qa4 Ra6 9.e3 Qd7
10.exd4 exd4 11.Re1+ Kd8 12.Nbd2 Nh6 13.Nb3 Nf5 14.Re4 Bxf3 15.Bxf3 Ne5 16.Qxd7+ Kxd7
17.Nxd4 Rd6 18.Bg4 g6 19.Nxf5 gxf5 20.Bxf5+ Kc6 21.Bf4 Bg7 22.Kg2 Rhd8 23.Rd1 h5
24.d4 Nxc4 25.Bxd6 Nxd6 26.Rc1+ Kb6 27.Re6 c6 28.Bg6 f5 29.d5 cxd5 30.Bxf5 Ka7
31.Bd3 Bd4 32.b3 Rd7 33.a4 h4 34.f4 Nf7 35.Bb5 Rd8 36.Rc7 Nd6 37.Rd7 h3+
38.Kxh3 Rh8+ 39.Kg2 Nf5 40.Bc6 Ne3+ 41.Kf3  1-0

[Event "TCh-AUT 2 Ost 2011-12"]
[Site "Vienna AUT"]
[Date "2011.11.05"]
[Round "3"]
[White "Bawart,M"]
[Black "Lipka,J"]
[Result "1/2-1/2"]
[WhiteElo "2417"]
[BlackElo "2443"]

1.Nf3 d5 2.c4 c6 3.cxd5 cxd5 4.e3 Nf6 5.b3 g6 6.Bb5+ Bd7 7.Bxd7+ Nbxd7 8.O-O Bg7
9.Bb2 O-O 10.Nc3 Rc8 11.d4 a6 12.Qd3 Qa5 13.Rfc1 Rc7 14.Rc2 Rfc8 15.Rac1 e6
16.a3 Ne8 17.Ne1 Rc6 18.Kf1 Qc7 19.h3 Qd8 20.Nb1 Rxc2 21.Rxc2 Bf8 22.Rxc8 Qxc8
23.Qc2 Qxc2  1/2-1/2

[Event "TCh-BEL 2011-12"]
[Site "Belgium BEL"]
[Date "2011.11.06"]
[Round "3.1"]
[White "Zaragatski,I"]
[Black "Winants,L"]
[Result "1/2-1/2"]
[WhiteElo "2474"]
[BlackElo "2540"]

1.Nf3 d5 2.c4 c6 3.g3 Bg4 4.Bg2 e6 5.cxd5 Bxf3 6.Bxf3 cxd5 7.Nc3 Nc6 8.d3 Bc5
9.O-O Nge7 10.Bd2 a6 11.a3 Ba7 12.b4 O-O 13.Na4 Rc8 14.Bg2 Qd6 15.Rc1 Nd4
16.e3 Rxc1 17.Bxc1 Nb5 18.Bb2 Rc8 19.Qa1 f6 20.Rc1 Rxc1+ 21.Qxc1 Nc7 22.Nc5 Qc6
23.Nb3 Qxc1+ 24.Bxc1 Nc6 25.Kf1 Kf7 26.Ke2 Ke7 27.Bb2 Kd6 28.h4 b5 29.Bh3 Bb6
30.f4 a5 31.bxa5 Nxa5 32.Nd4 Nc6 33.Nxc6 Kxc6 34.g4 Kd6 35.g5 d4 36.e4 Bc5
37.h5 fxg5 38.fxg5 g6 39.h6 Ke7 40.Bc1 Bd6 41.Bg4  1/2-1/2

[Event "ch-CRC Playoff 2011"]
[Site "San Jose CRC"]
[Date "2011.11.07"]
[Round "2"]
[White "Valdes,Le"]
[Black "Gonzalez,Be CRC"]
[Result "1/2-1/2"]
[WhiteElo "2391"]
[BlackElo "2416"]

1.Nf3 d5 2.c4 c6 3.g3 Nf6 4.Bg2 dxc4 5.O-O Nbd7 6.Na3 Nb6 7.Qc2 Qd5 8.b3 cxb3
9.axb3 Be6 10.d3 Qxb3 11.Qd2 Qd5 12.Ng5 Qd7 13.Nxe6 Qxe6 14.Nc4 Nxc4 15.dxc4 Qc8
16.Qe3 e6 17.Rxa7 Be7 18.Bd2 O-O 19.Rb1 Rxa7 20.Qxa7 Rd8 21.Be3 Rd7 22.Bb6 h6
23.Bf3 Ne8 24.Qa4 Nd6 25.Qb3 Nf5 26.e3 Bd8 27.Bc5 Be7 28.Bb6 Bd8 29.Bc5 Be7
30.Bb6 Bd8  1/2-1/2

[Event "ch-CRC Playoff 2011"]
[Site "San Jose CRC"]
[Date "2011.11.10"]
[Round "4"]
[White "Valdes,Le"]
[Black "Gonzalez,Be CRC"]
[Result "0-1"]
[WhiteElo "2391"]
[BlackElo "2416"]

1.Nf3 d5 2.c4 e6 3.g3 Nf6 4.Bg2 Be7 5.O-O O-O 6.b3 c5 7.Bb2 Nc6 8.e3 d4 9.exd4 cxd4
10.Re1 Ne8 11.d3 f6 12.Na3 e5 13.Nc2 Nc7 14.a3 a5 15.Qd2 Bd7 16.b4 axb4 17.Nxb4 Na5
18.Qd1 Ne6 19.Nd5 Bd6 20.Nd2 Nc5 21.Ne4 Ba4 22.Qe2 Nab3 23.Rab1 Nxe4 24.Bxe4 Nc5
25.Bg2 Bc6 26.Bc1 Kh8 27.h4 Na4 28.Rb3 Nc5 29.Rb1 Bd7 30.Rd1 Bf5 31.Qf1 Qe8
32.Bh3 Qg6 33.Bxf5 Qxf5 34.Rb6 Ra6 35.Rb5 Qg4 36.Nb4 Raa8 37.Rb6 Rad8 38.Re1 Qg6
39.Qe2 Qf5 40.Kg2 Rd7 41.Rb5 Ra8 42.g4 Qg6 43.h5 Qf7 44.Qf3 e4 45.Qf5 g6
46.hxg6 hxg6 47.Rh1+ Kg7 48.Bh6+ Kg8 49.Qd5 Nxd3 50.Qxe4 Bxb4 51.axb4 Ne5
52.g5 Nxc4 53.gxf6 Nd6 54.Bg7 Qxg7 55.Qh4 Qh7 56.Qg4 Nxb5 57.Rxh7 Rxh7 58.Qe6+ Rf7
59.Qe4 Rxf6 60.Qd5+ Rf7 61.Qxb5 Rd8 62.Qb6 Rdd7 63.Kf1 Kg7 64.Qb5 d3 65.Qe5+ Rf6
66.Ke1 d2+ 67.Kd1 Kf7 68.Qb5 Rc6  0-1

[Event "23rd Leuven Open"]
[Site "Leuven BEL"]
[Date "2011.11.12"]
[Round "4.10"]
[White "Kukov,V"]
[Black "Boons,P"]
[Result "1-0"]
[WhiteElo "2416"]
[BlackElo "1987"]

1.Nf3 d5 2.c4 e6 3.g3 c6 4.Bg2 Bd6 5.O-O Nf6 6.d4 Ne4 7.Nfd2 Nxd2 8.Nxd2 O-O
9.e4 dxe4 10.Nxe4 Be7 11.Be3 Nd7 12.Qe2 f5 13.Nc3 Nf6 14.Rad1 Qe8 15.Rfe1 Bd7
16.Bf4 Rf7 17.d5 exd5 18.cxd5 Bf8 19.Qc4 Qc8 20.d6 Be8 21.Ne2 a5 22.Nd4 Bd7
23.a4 Ne8 24.Nf3  1-0

[Event "TCh-CZE Liga 1 Zapad"]
[Site "Czech Rep CZE"]
[Date "2011.11.13"]
[Round "3.6"]
[White "Vokoun,J"]
[Black "Straka,Jos"]
[Result "1/2-1/2"]
[WhiteElo "2161"]
[BlackElo "2299"]

1.Nf3 d5 2.c4 d4 3.b4 f6 4.e3 dxe3 5.fxe3 Nh6 6.a3 e5 7.Nc3 Bg4 8.Be2 Be7
9.h3 Be6 10.d4 Nf5 11.Ne4 O-O 12.O-O a5 13.g4 Nd6 14.Nc5 Bf7 15.dxe5 fxe5
16.Nxe5 axb4 17.Nxf7 Nxf7 18.Ne6 Qxd1 19.Bxd1 Rc8 20.c5 Bf6 21.Ra2 Nc6 22.Rff2 Bh4
23.Rfe2 Ng5 24.Nxg5 Bxg5 25.axb4 Nxb4 26.Rxa8 Rxa8 27.Bb3+ Kh8 28.Bb2 Re8
29.Bd4 Nc6 30.Kf2 Rf8+ 31.Kg2 Re8 32.Kf2 Rf8+ 33.Kg2 Re8  1/2-1/2

[Event "TCh-HUN 2011-12"]
[Site "Mako HUN"]
[Date "2011.11.13"]
[Round "3"]
[White "Szalai,K"]
[Black "Karolyi,T jr"]
[Result "1/2-1/2"]
[WhiteElo "2390"]
[BlackElo "2346"]

1.Nf3 d5 2.c4 dxc4 3.Na3 a6 4.Nxc4 b5 5.Ne3 Bb7 6.a4 e6 7.Qb3 c6 8.g3 Nd7
9.Qc2 c5 10.Bg2 Ngf6 11.O-O Be7 12.d3 O-O 13.Bd2 Qb6 14.Rfb1 Rfc8 15.Qd1 Nd5
16.axb5  1/2-1/2